Middlesbrough Trivia - Statistics

General Stats
  • This quiz has been taken 42 times
    38 since last reset
  • The average score is 10 of 15
Answer Stats
Question Answer % Correct
What is Middlesbrough’s nickname? Boro
100%
What is the name of Middlesbrough’s stadium? Riverside Stadium
100%
With which club does Middlesbrough contest the Tyne-Tees Derby? Newcastle United
96%
Who is the current head coach of Middlesbrough? Rob Edwards
85%
From 1903 to 1995, Middlesbrough played at which ground? Ayresome Park
73%
In 1986, which local entrepreneur saved Middlesbrough from liquidation by forming a consortium to buy the club, before becoming chairman in 1994? Steve Gibson
69%
Which Brazilian midfielder became a Middlesbrough cult hero across three spells at the club? Juninho
65%
Who is the current captain of Middlesbrough? Hayden Hackney
62%
Which club did Middlesbrough lose to in the 2006 UEFA Cup Final, their best European finish? Sevilla
62%
Who is Middlesbrough’s record sale, departing for £18m to Wolverhampton Wanderers in 2018? Adama Traoré
58%
Who is Middlesbrough’s record signing, arriving from Nottingham Forest for £15m in 2017? Britt Assombalonga
58%
Who scored the winning goal as Middlesbrough beat Bolton Wanderers 2-1 in the 2004 Carling Cup Final to claim their only major honour to date? Boudewijn Zenden
50%
Which Englishman is Middlesbrough’s record goalscorer with 345? George Camsell
50%
Who became the world's first £1,000 transfer when he signed for Middlesbrough from Sunderland in 1905? Alf Common
19%
Which Englishman is Middlesbrough’s record appearance-maker with 602? Tom Williamson
15%
No matching quizzes found
Score Distribution
Percent of People with Each Score
Percentile by Number Answered
Your Score History
You have not taken this quiz since the last reset